Lope viviente

Saved in:
Bibliographic Details
Main Author: Gómez de la Serna, Ramón
Format: Book
Language:Undetermined
Published: Buenos Aires, Argentina Espasa Calpe 1954
Subjects:
Tags: Add Tag
No Tags, Be the first to tag this record!

MARC

LEADER 00000nam a2200000Ia 4500
008 170316s9999 xx 000 0 und d
040 |a cru BVZT 
090 |a 862 G-29L 
100 |a Gómez de la Serna, Ramón 
245 |a Lope viviente 
260 |a Buenos Aires, Argentina  |b Espasa Calpe  |c 1954 
300 |a 147 páginas 
650 |a LITERATURA ESPAÑOLA  |9 23 
999 |c 9910  |d 9910 
942 |c 15 D  |h 862 G-29L  |2 z